Bộ công cụ PRA cho VDP : Bộ công cụ đánh giá nhanh nông thôn có sự tham gia trong lập kế hoạch Phát triển nông thôn bản.

Bộ công cụ PRA cho VDP tạo điều kiện cho người dân thảo luận và phân tích tình hình của thôn bản. đây cũng là một hình thức của Lập kế hoạch phát triển thôn bản. Kết quả từ nhóm làm việc PRA sẽ được nhâp trực tiếp vào kế hoạch thôn ba...

Täydet tiedot

Tallennettuna:
Bibliografiset tiedot
Aineistotyyppi: Kirja
Kieli:Undetermined
Julkaistu: Hà Nội Dự án Phát triển Lâm Nghiệp xã hội Sông Đà (SFDP) 2003
Aiheet:
Tagit: Lisää tagi
Ei tageja, Lisää ensimmäinen tagi!
Thư viện lưu trữ: Trung tâm Học liệu Trường Đại học Cần Thơ
LEADER 01065nam a2200181Ia 4500
001 CTU_156402
008 210402s9999 xx 000 0 und d
082 |a 338.16 
082 |b B450 
245 0 |a Bộ công cụ PRA cho VDP : 
245 0 |b Bộ công cụ đánh giá nhanh nông thôn có sự tham gia trong lập kế hoạch Phát triển nông thôn bản. 
260 |a Hà Nội 
260 |b Dự án Phát triển Lâm Nghiệp xã hội Sông Đà (SFDP) 
260 |c 2003 
520 |a Bộ công cụ PRA cho VDP tạo điều kiện cho người dân thảo luận và phân tích tình hình của thôn bản. đây cũng là một hình thức của Lập kế hoạch phát triển thôn bản. Kết quả từ nhóm làm việc PRA sẽ được nhâp trực tiếp vào kế hoạch thôn bản. 
650 |a Phát triển nông thôn,Rural development 
904 |i Thiêu,Hải 
980 |a Trung tâm Học liệu Trường Đại học Cần Thơ